000 00709nam a22001697a 4500
999 _c61122
_d61122
005 20231221102737.0
008 231221s1979 ru ||||| |||| 00| 0 rus d
041 _arus
080 _a94(38) K-76
100 _aКошеленко, Г.А.
_920824
245 _aГреческий полис на эллинистическом Востоке /
_cГ. А. Кошеленко; Академия наук СССР.
264 _aМОСКВА :
_b"Наука"
_c1979.
300 _a292 с.;
_b21 см.
653 _aბერძნული პოლისი ელინისტურ აღმოსავლეთში
710 _aАкадемия наук СССР.
_920827
942 _2udc
_cᲬᲘᲒᲜᲘ